000 01316cam a22003617a 4500
003 CHAP
005 20220329142316.0
008 000607d1999 mx a r 00110 spa d
010 _a81432
011 _a82404
035 _a92897
040 _cCHAP
090 _aTesis
100 0 0 _aRomo Gómez, Almaquio.
_999715
245 1 4 _aLos escamoles (Liometopum apiculatum), como una alternativa de alimentación e ingresos económicos, en el municipio de San Agustín Tlaxiaca, Hgo.
_c/por Almaquio Romo Gómez
260 _aChapingo, Méx. :
_bEl autor,
_c1999.
300 _a73 h. :
_bilus.
502 _aTesis (Ing. en Agroecología) -- UACH. Departamento de Agroecología
590 _aALEPH
_b10
_c20130110
_lUCH01
_h1436
590 _aBATCH-UPD
_b10
_c20130110
_lUCH01
_h0751
590 _aBATCH-UPD
_b10
_c20130110
_lUCH01
_h2347
590 _aBATCH-UPD
_b10
_c20130410
_lUCH01
_h0431
590 _aBATCH-UPD
_b10
_c20130914
_lUCH01
_h0255
590 _aCONVERSION
_b10
_c20130109
_lUCH01
_h1345
650 1 4 _aAgricultura de subsistencia.
_91998
650 1 4 _aAlimentación.
_94109
650 1 4 _aLiometopum apiculatum.
_967018
901 _aBK
905 _aAlejandra Carrasco M.
942 _cFOLL
949 _bBC
_cTES
_d33724000783353
_eTS2
_fc.2
_h36490
_i92897
_si
949 _bBC
_cTES
_d928971
_eTS1
_h36489
_i92897
_sb
999 _c81432
_d81432